00197pam a2200109 a 4500020000500000041000500005100001900010245002900029260000900058300000800067653001200075 c h aL. David Mech. aThe Ecolgy and Behaviour c1967 a384 aEcology